Modernización y modernismo en el arte mexicano /
Contenido: I. Una visión panorámica del modernismo: 1) Modernización y modernismo: una relación incómoda, 2) El modernismo cosmopolita: la expresión de una profunda crisis espiritual y 3) El modernismo nacionalista: en busca del "Alma nacional". II. Modernización(es) y resistencias en el México porf...
Guardat en:
| Autor principal: | |
|---|---|
| Format: | Llibre |
| Idioma: | espanyol |
| Publicat: |
México :
UNAM, Instituto de Investigaciones Estéticas,
2008, c2008
|
| Matèries: | |
| Etiquetes: |
Sense etiquetes, Sigues el primer a etiquetar aquest registre!
|
MARC
| LEADER | 00000nam^a2200000^a^4500 | ||
|---|---|---|---|
| 001 | 000416572 | ||
| 005 | 20250521000000.0 | ||
| 009 | 20260310122328.101 | ||
| 020 | |a 978-970-32-1553-9 | ||
| 037 | |a Acervo ITESO - Biblioteca | ||
| 041 | |a ESP | ||
| 082 | |a 709. 720523 |b RAM | ||
| 100 | |a Ramírez, Fausto |e (autor) | ||
| 245 | 1 | 0 | |a Modernización y modernismo en el arte mexicano / |c F. Ramírez. |
| 264 | 4 | |a México : |b UNAM, Instituto de Investigaciones Estéticas, |c 2008, c2008 | |
| 300 | |a 477 p. | ||
| 336 | |a texto |b txt |2 rdacontenido | ||
| 337 | |a sin mediación |b n |2 rdamedio | ||
| 338 | |a volumen |b nc |2 rdasoporte | ||
| 520 | |a Contenido: I. Una visión panorámica del modernismo: 1) Modernización y modernismo: una relación incómoda, 2) El modernismo cosmopolita: la expresión de una profunda crisis espiritual y 3) El modernismo nacionalista: en busca del "Alma nacional". II. Modernización(es) y resistencias en el México porfiriano: 4) Signos de modernización en la obra de Casimiro Castro, 5) "La Patria Ilustrada" y las colaboraciones de José Guadalupe Posada (1886-1890) y 6) Crímenes y torturas sexuales: la obra de Julio Ruelas y los discursos sobre la prostitución y la criminalidad en el porfiriato. III. Viejo continente, ámbitos nuevos: 7) La presencia de los modernistas mexicanos fuera de México: el tránsito de la marginalidad provinciana al protagonismo cosmopolita y 8) Un paisaje abulense de Diego Rivera. IV. De la práctica artística en la academia: 9) Tradición y renovación en la Escuela Nacional de Bellas Artes, 1903-1912 y 10) Hacia la Exposición de artistas mexicanos en las fiestas del Centenario de la Independencia (1910). V. Tres artistas, tres momentos del modernismo: 11) Germán Gedovius: una reconsideración, 12) Itinerario estilístico de Saturnino Herrán y 13) Alfredo Ramos Martínez. VI. Polvos de aquellos lados: 14) Artistas e iniciados en la obra mural de Orozco. | ||
| 521 | |a FIL 2019 EEnlace Centro de Promoción Cultural | ||
| 586 | |a Premio Nacional de Ciencias y Artes, categoría Bellas Artes (2°: 1946): Biografías, crítica e interpretación | ||
| 586 | |a Premio Nacional de Ciencias y Artes, categoría Bellas Artes (6°: 1950): Biografías, crítica e interpretación | ||
| 649 | |a XX | ||
| 650 | |a Pintores Jaliscienses | ||
| 650 | |a Pintores Mexicanos | ||
| 650 | |a Caricaturistas Mexicanos | ||
| 650 | |a Artistas Jaliscienses | ||
| 650 | |a Artistas Mexicanos | ||
| 650 | |a Modernismo (Literatura) - |z México - |x Historia y Crítica | ||
| 650 | |a Historietas y Caricaturas Mexicanas - |x Historia y Crítica | ||
| 650 | |a Pintura Mural - |z Jalisco - |x Historia y Crítica | ||
| 650 | |a Pintura Mural - |z México - |x Historia y Crítica | ||
| 650 | |a Pintura Moderna - |z Jalisco - |x Historia y Crítica | ||
| 650 | |a Pintura Moderna - |z México - |x Historia y Crítica | ||
| 650 | |a Arte Moderno - |z Jalisco - |x Historia y Crítica | ||
| 650 | |a Arte Moderno - |z México - |x Historia y Crítica - |x Tema Principal | ||
| 650 | |a Arte Jalisciense - |x Historia y Crítica | ||
| 650 | |a Arte Jalisciense - |y Siglo XX | ||
| 650 | |a Arte Mexicano - |x Exposiciones - |x Historia y Crítica | ||
| 650 | |a Arte Mexicano - |x Historia y Crítica | ||
| 650 | |a Arte Mexicano - |y Siglo XIX | ||
| 650 | |a Arte Mexicano - |y Siglo XX | ||
| 650 | |a Arte - |z México - |x Estudio y Enseñanza - |x Historia | ||
| 650 | |a Historia Social - |z México - |y Porfirismo, 1876-1911 | ||
| 650 | |a Historia Social - |z México - |y 1910-1946 | ||
| 650 | |a México - |x Historia - |y Centenario de la Independencia, 1910 | ||
| 650 | |a México - |x Historia - |y Porfirismo, 1876-1911 | ||
| 650 | |a México - |x Historia - |y República Liberal, 1867-1911 | ||
| 650 | |a México - |x Historia - |y Revolución, 1910-1917 | ||
| 650 | |a México - |x Historia - |y Siglo XIX | ||
| 650 | |a México - |x Historia - |y Siglo XX | ||
| 650 | |a Castro, Casimiro | ||
| 650 | |a Gedovius, Germán | ||
| 650 | |a Herrán, Saturnino | ||
| 650 | |a Orozco, José Clemente | ||
| 650 | |a Ramos Martínez, Alfredo | ||
| 650 | |a Rivera, Diego | ||
| 650 | |a Ruelas, Julio | ||
| 600 | |a Posada, José Guadalupe | ||
| 910 | |a Fondo General | ||
| 920 | |a Impresos - Libros | ||
| 930 | |a Colección General | ||
| 905 | |a 101 | ||
| 901 | |a 0500326422 |b IT1 |c ACC |i C168672 |u 20250521 | ||
| 902 | |a https://opac.biblio.iteso.mx/vufind/Record/000416572 | ||